[Event "WYCC U16 Open 2013"]
[Site "Al-Ain UAE"]
[Date "2013.12.23"]
[Round "7.19"]
[White "Hua, David A"]
[Black "Salomon, Johan"]
[Result "0-1"]
[WhiteElo "2229"]
[BlackElo "2269"]
[WhiteFideId "2030047"]
[BlackFideId "1509500"]
[EventDate "2013.12.18"]

1. e4 e5 2. Nf3 Nc6 3. Nc3 Nf6 4. Bb5 Bd6 5. O-O O-O 6. Re1 a6 7. Bc4 Re8 8. d3
h6 9. a3 Bf8 10. Nh4 d5 11. exd5 Nd4 12. h3 b5 13. Ba2 Bb7 14. Nf3 Bd6 15. Be3
Nf5 16. Bd2 Qd7 17. b4 Rad8 18. Rc1 Ba8 19. Ra1 Qc8 20. Ne4 Nxd5 21. c4 bxc4 22.
dxc4 Nf4 23. c5 Bf8 24. Qb3 Bd5 25. Qc2 Nd3 26. Bxd5 Rxd5 27. Red1 Red8 28. Nc3
R5d7 29. Ne1 Qa8 30. Nxd3 Rxd3 31. Be1 e4 32. Qe2 Qc6 33. Rab1 g6 34. Rdc1 Nd4
35. Qa2 Qd7 36. Nxe4 Qe7 37. Nc3 Qg5 38. Kf1 Qf4 39. Kg1 Re8 40. Qb2 Rxh3 41.
gxh3 Nf3+ 42. Kg2 Nh4+ 43. Kf1 Qf3 0-1

[Event "WYCC U16 Open 2013"]
[Site "Al-Ain UAE"]
[Date "2013.12.23"]
[Round "7.20"]
[White "Eggink, Ryszard"]
[Black "Asgarizadeh, Ahmad"]
[Result "1-0"]
[WhiteElo "2165"]
[BlackElo "2267"]
[WhiteFideId "1125869"]
[BlackFideId "12505684"]
[EventDate "2013.12.18"]

1. d4 Nf6 2. c4 c5 3. d5 e6 4. Nc3 exd5 5. cxd5 d6 6. g3 g6 7. Bg2 Bg7 8. Nf3
O-O 9. O-O a6 10. a4 Nbd7 11. Bf4 Qc7 12. e4 Nh5 13. Bd2 Rb8 14. a5 b5 15. axb6
Nxb6 16. Qc2 h6 17. Rfe1 Kh7 18. Nd1 f5 19. Nh4 Qf7 20. exf5 Bxf5 21. Nxf5 Qxf5
22. Qxf5 gxf5 23. Rxa6 Nc4 24. Bc3 Bxc3 25. bxc3 Rfe8 26. Rxe8 Rxe8 27. Ne3 Nxe3
28. fxe3 Rd8 29. e4 fxe4 30. Bxe4+ Kg7 31. Ra7+ Kg8 32. Bh7+ Kh8 33. Bf5 Nf6 34.
c4 Rf8 35. Ra6 Nxd5 36. Rxd6 Rxf5 37. Rxd5 Rxd5 38. cxd5 Kg7 39. g4 Kf6 40. h4
Ke5 41. g5 1-0

[Event "WYCC U16 Open 2013"]
[Site "Al-Ain UAE"]
[Date "2013.12.23"]
[Round "7.21"]
[White "Horton, Andrew P"]
[Black "Nuri, Murad"]
[Result "0-1"]
[WhiteElo "2086"]
[BlackElo "2250"]
[WhiteFideId "424269"]
[BlackFideId "13404474"]
[EventDate "2013.12.18"]

1. Nf3 Nf6 2. c4 g6 3. g3 Bg7 4. Bg2 O-O 5. O-O d6 6. Nc3 Nc6 7. Rb1 a6 8. b4 e5
9. d3 h6 10. a4 Bg4 11. b5 axb5 12. axb5 Nd4 13. Nxd4 exd4 14. Ne4 Nd7 15. Bb2
Nb6 16. h3 Bf5 17. Ra1 Qd7 18. Kh2 Rxa1 19. Bxa1 Re8 20. Re1 Nxc4 21. dxc4 Bxe4
22. Bxd4 Qf5 23. f3 Bc2 24. Qa1 Bxd4 25. Qxd4 Qe5 26. Qxe5 Rxe5 27. f4 Rc5 28.
Bxb7 Rxc4 29. Bc6 Rb4 30. Kg1 Rb1 31. Kf2 Kf8 32. Rxb1 Bxb1 33. Ke3 Ke7 34. Kd4
Bf5 35. h4 Bg4 36. e4 Bf3 37. Ke3 Bg2 38. Kd4 f6 39. e5 fxe5+ 40. fxe5 Bxc6 41.
bxc6 Ke6 42. exd6 Kxd6 43. g4 Kxc6 44. Ke5 Kd7 45. h5 g5 46. Kf6 c5 47. Kg6 c4
48. Kxh6 c3 49. Kg7 c2 50. h6 c1=Q 51. h7 Ke6 52. Kg6 Qc3 0-1

[Event "WYCC U16 Open 2013"]
[Site "Al-Ain UAE"]
[Date "2013.12.23"]
[Round "7.22"]
[White "Ali Marandi, Cemil Can"]
[Black "Petr, Jan2"]
[Result "1-0"]
[WhiteTitle "IM"]
[WhiteElo "2391"]
[BlackElo "2151"]
[WhiteFideId "6300529"]
[BlackFideId "345784"]
[EventDate "2013.12.18"]

1. e4 c5 2. Nf3 d6 3. d4 cxd4 4. Nxd4 Nf6 5. Nc3 Nc6 6. Bg5 e6 7. Qd2 Be7 8.
O-O-O a6 9. f4 Bd7 10. Nb3 Rc8 11. Bxf6 gxf6 12. Kb1 b5 13. Bd3 b4 14. Ne2 a5
15. f5 a4 16. fxe6 fxe6 17. Nbd4 Qa5 18. Nxc6 Bxc6 19. Nd4 Bd7 20. Nf3 Qc5 21.
Rhe1 a3 22. b3 Rg8 23. Bc4 Rg6 24. g3 Bf8 25. e5 fxe5 26. Nxe5 Rf6 27. Qd3 Rc7
28. Nxd7 Kxd7 29. Qxh7+ Be7 30. Qh3 Kc6 31. Rxe6 Kb6 32. Ree1 Rf2 33. Qh7 Bf6
34. Qg8 Be5 35. Rd5 Re2 36. Red1 Qe3 37. Rb5+ Ka7 38. Qb8+ 1-0

[Event "WYCC U16 Open 2013"]
[Site "Al-Ain UAE"]
[Date "2013.12.23"]
[Round "7.23"]
[White "Akhmetov, Ayan"]
[Black "Gorbanovsky, Oleg"]
[Result "1-0"]
[WhiteElo "2382"]
[BlackElo "2147"]
[WhiteFideId "13703706"]
[BlackFideId "13903829"]
[EventDate "2013.12.18"]

1. e4 e5 2. Nf3 Nc6 3. Bc4 Bc5 4. c3 Nf6 5. d3 O-O 6. b4 Bb6 7. a4 a6 8. O-O d6
9. Nbd2 Ne7 10. Bb3 c6 11. Nc4 Bc7 12. Re1 Ng6 13. a5 Be6 14. Ng5 Bg4 15. Nf3 d5
16. Ncd2 Nf4 17. Bc2 N6h5 18. Nf1 Qf6 19. Ne3 Nh3+ 20. Kf1 Bxf3 21. Qxf3 Qxf3
22. gxf3 N5f4 23. Ng2 Ne6 24. exd5 cxd5 25. Ne3 Rad8 26. Nf5 d4 27. c4 Nhf4 28.
b5 f6 29. b6 Bb8 30. Ne7+ Kf7 31. Nd5 Nh5 32. f4 Nhxf4 33. Nxf4 exf4 34. Bd1 Be5
35. Bf3 Rd7 36. Ba3 Rc8 37. Rac1 Nc5 38. Bg4 Ke8 39. Rcd1 Rc6 40. h4 Re7 41. h5
Kf7 42. Bf3 Rc8 43. Bd5+ Kf8 44. Kg2 g5 45. hxg6 hxg6 46. Rh1 f5 47. Rh3 Ke8 48.
Re1 g5 49. Rxe5 Rxe5 50. Rh8+ Kd7 51. Rxc8 Kxc8 52. Bxc5 g4 53. Bxd4 Re2 54. c5
g3 55. c6 bxc6 56. Bxc6 gxf2 57. Kf1 f3 58. Bxf3 Re7 59. Kxf2 Kb8 60. Kg3 1-0

[Event "WYCC U16 Open 2013"]
[Site "Al-Ain UAE"]
[Date "2013.12.23"]
[Round "7.24"]
[White "Machan, Jan"]
[Black "Lampert, Jonas"]
[Result "0-1"]
[WhiteElo "2147"]
[BlackElo "2378"]
[WhiteFideId "334774"]
[BlackFideId "1303759"]
[EventDate "2013.12.18"]

1. d4 d5 2. c4 c6 3. cxd5 cxd5 4. Nc3 Nf6 5. Nf3 Nc6 6. Bf4 Bf5 7. Qb3 Na5 8.
Qa4+ Bd7 9. Qc2 Nc6 10. e3 g6 11. h3 Bg7 12. a3 Qa5 13. Ne5 Nxe5 14. Bxe5 Rc8
15. Bd3 O-O 16. O-O Ne8 17. b4 Qd8 18. Bh2 Be6 19. Qb3 Nd6 20. Rfc1 Nc4 21. Na4
b6 22. Nb2 b5 23. Be2 Bf5 24. Nd3 Bxd3 25. Bxd3 Qb6 26. Rc2 Rc6 27. a4 a6 28.
axb5 axb5 29. Bg3 Rfc8 30. Kf1 e6 31. Ke2 Bf8 32. Rca2 Qd8 33. Ra7 Qg5 34. Bb1
Qh5+ 35. Ke1 Na5 36. R7xa5 Bxb4+ 37. Qxb4 Rc1+ 0-1

[Event "WYCC U16 Open 2013"]
[Site "Al-Ain UAE"]
[Date "2013.12.23"]
[Round "7.25"]
[White "Sardana, Rishi"]
[Black "Rydstrom, Tom"]
[Result "1-0"]
[WhiteElo "2373"]
[BlackElo "2156"]
[WhiteFideId "25004301"]
[BlackFideId "1714830"]
[EventDate "2013.12.18"]

1. e4 e5 2. Nf3 Nc6 3. Bb5 a6 4. Ba4 Nf6 5. d3 d6 6. c3 Be7 7. O-O O-O 8. Re1 b5
9. Bb3 Na5 10. Bc2 c5 11. Nbd2 Re8 12. Nf1 Nc6 13. Bg5 h6 14. Bh4 Nh5 15. Bxe7
Qxe7 16. Ne3 Nf4 17. Nd5 Nxd5 18. exd5 Nb8 19. d4 Qf6 20. dxe5 dxe5 21. Qd3 g6
22. Qe3 Kg7 23. Qxc5 Bb7 24. Rad1 Nd7 25. Qc7 Bc8 26. d6 Rb8 27. Be4 Qd8 28. Bc6
f6 29. Nd2 Rb6 30. Bxd7 Bxd7 31. Ne4 Rc6 32. Qa7 Qc8 33. b4 Re6 34. Rd5 f5 35.
Nc5 Rexd6 36. Red1 Rc7 37. Qxc7 1-0

[Event "WYCC U16 Open 2013"]
[Site "Al-Ain UAE"]
[Date "2013.12.23"]
[Round "7.26"]
[White "Tran, Tuan Minh"]
[Black "Rohan, Ahuja"]
[Result "1-0"]
[WhiteTitle "FM"]
[WhiteElo "2330"]
[BlackElo "2128"]
[WhiteFideId "12401820"]
[BlackFideId "5090598"]
[EventDate "2013.12.18"]

1. d4 Nf6 2. Nf3 g6 3. g3 Bg7 4. Bg2 O-O 5. O-O d5 6. Nbd2 Ne4 7. e3 Nxd2 8.
Bxd2 Bf5 9. Nh4 Be6 10. c4 c6 11. Qb3 Qd7 12. cxd5 Bxd5 13. Qa3 Bxg2 14. Nxg2 e5
15. Bc3 exd4 16. Rad1 c5 17. Qxc5 Rc8 18. Qa3 Nc6 19. exd4 Nxd4 20. Bxd4 Bxd4
21. Rd2 Rc6 22. Rfd1 Rd6 23. Ne3 Rd8 24. Nc4 Rd5 25. Ne3 Rd6 26. Qb4 b6 27. a4
a5 28. Qc4 Qe6 29. Qxe6 fxe6 30. Kg2 Kf7 31. f4 Ke7 32. Nc4 Rd5 33. Kf3 Bc5 34.
Ke4 Rxd2 35. Rxd2 Rxd2 36. Nxd2 Kf6 37. Nf3 h6 38. Ne5 Bg1 39. h3 g5 40. fxg5+
hxg5 41. h4 gxh4 42. gxh4 Kg7 43. Nf3 Bf2 44. Ke5 Kf7 45. Kd6 Kf6 46. h5 Bc5+
47. Kc6 Kf5 48. h6 Kg6 49. h7 Kxh7 50. Ng5+ Kg6 51. Nxe6 Bf2 52. b3 Kf5 53. Kd5
Bg1 54. Nc7 Kf4 55. Na8 Ke3 56. Nxb6 Kd3 57. Kc6 Kc3 58. Kb5 Kxb3 59. Nc4 Kc3
60. Nxa5 Kd4 61. Nc4 Kd5 62. a5 Ba7 63. Nb6+ Kd4 64. Ka6 Bb8 65. Kb7 Kc5 66.
Kxb8 Kb5 67. Nc4 1-0

[Event "WYCC U16 Open 2013"]
[Site "Al-Ain UAE"]
[Date "2013.12.23"]
[Round "7.27"]
[White "Tutisani, Noe"]
[Black "Bellahcene, Bilel"]
[Result "1-0"]
[BlackTitle "FM"]
[WhiteElo "2120"]
[BlackElo "2311"]
[WhiteFideId "13602853"]
[BlackFideId "696358"]
[EventDate "2013.12.18"]

1. e4 e6 2. f4 c5 3. Nf3 Nc6 4. c3 Nf6 5. Bd3 c4 6. Bc2 b5 7. d4 cxd3 8. Bxd3
Bc5 9. Qe2 b4 10. Be3 Qb6 11. Bxc5 Qxc5 12. Qf2 Qxf2+ 13. Kxf2 Rb8 14. Nbd2 d6
15. Rhc1 Bb7 16. a3 bxc3 17. Rxc3 O-O 18. Rac1 Ne7 19. Rb3 Bc6 20. Rxb8 Rxb8 21.
b4 d5 22. Nd4 dxe4 23. Nxc6 Nxc6 24. Nxe4 Ne7 25. Nxf6+ gxf6 26. Rc7 Nd5 27.
Rxa7 Nxf4 28. Be4 Kg7 29. g3 Ng6 30. Rb7 Rc8 31. a4 f5 32. Bd3 Ne5 33. Be2 Rc2
34. h3 h5 35. h4 Ra2 36. a5 Nc6 37. Ke1 Kf6 38. a6 Ke5 39. b5 Nb4 40. Bc4 Ra1+
41. Kd2 Kd4 42. Rc7 e5 43. Bb3 1-0

[Event "WYCC U16 Open 2013"]
[Site "Al-Ain UAE"]
[Date "2013.12.23"]
[Round "7.28"]
[White "Wagdy, Andro"]
[Black "Kourkoulos-Arditis, Stamatis"]
[Result "0-1"]
[WhiteTitle "FM"]
[WhiteElo "2109"]
[BlackElo "2297"]
[WhiteFideId "10604413"]
[BlackFideId "4221990"]
[EventDate "2013.12.18"]

1. d4 Nf6 2. Nf3 g6 3. c4 Bg7 4. Nc3 d5 5. e3 O-O 6. Be2 c5 7. O-O cxd4 8. Nxd4
dxc4 9. Bxc4 a6 10. a3 Qc7 11. Qe2 Rd8 12. Nf3 Bg4 13. Ba2 Nc6 14. h3 Bh5 15. g4
Nxg4 16. hxg4 Bxg4 17. Qc4 Be6 18. Qh4 Bxa2 19. Rxa2 Qa5 20. e4 Bxc3 21. bxc3
Qxc3 22. Kg2 Qb3 23. Re2 Rd3 24. Qh6 f6 25. Rh1 Qf7 26. Rh3 Rad8 27. Bb2 e5 28.
Re1 R8d7 29. Re3 Rd1 30. Nh2 Rb1 31. Bc3 Nd8 32. Rd3 Ne6 33. Bd2 Nc5 34. Rc3 Rc7
35. Ng4 Nxe4 36. Rxc7 Qxc7 37. Bb4 Qg7 38. Qe3 Ng5 39. Qd3 Qc7 40. Nxf6+ Kf7 41.
Qxb1 Nxh3 42. Nxh7 Nf4+ 43. Kf3 Qd8 44. Bc3 Qd5+ 45. Qe4 Qd1+ 46. Kg3 Qg1+ 47.
Kf3 Qh1+ 48. Ke3 Nd5+ 49. Kd2 Qd1+ 50. Kxd1 Nxc3+ 51. Kd2 Nxe4+ 52. Ke3 Nd6 0-1

[Event "WYCC U16 Open 2013"]
[Site "Al-Ain UAE"]
[Date "2013.12.23"]
[Round "7.29"]
[White "Stremavicius, Titas"]
[Black "Todorovic, Nenad I"]
[Result "1-0"]
[WhiteElo "2279"]
[BlackElo "2125"]
[WhiteFideId "12804444"]
[BlackFideId "912832"]
[EventDate "2013.12.18"]

1. d4 Nf6 2. c4 e6 3. Nc3 Bb4 4. e3 O-O 5. Ne2 d5 6. a3 Be7 7. Ng3 c5 8. dxc5
dxc4 9. Qxd8 Rxd8 10. Nge4 Nxe4 11. Nxe4 Nd7 12. c6 Ne5 13. cxb7 Bxb7 14. Nc3
Nd3+ 15. Bxd3 cxd3 16. f3 Rab8 17. Bd2 Ba8 18. b4 a5 19. b5 Bh4+ 20. Kd1 Bf6 21.
Rb1 Rdc8 22. Rb3 Rc4 23. Ne4 Bxe4 24. fxe4 a4 25. Rb4 Rxb4 26. Bxb4 Rxb5 27. Kd2
Bb2 28. Kxd3 Bxa3 29. Bc3 Bb2 30. Rb1 a3 31. Bxb2 g5 32. Kc3 Rxb2 33. Rxb2 axb2
34. Kxb2 Kg7 35. Kc3 f6 36. Kd4 Kf7 37. e5 Ke7 38. exf6+ Kxf6 39. g4 Kf7 40. Kc5
Ke7 41. Kc6 Kf8 42. Kd6 Kf7 43. e4 Kf6 44. e5+ Kf7 45. Kd7 1-0

[Event "WYCC U16 Open 2013"]
[Site "Al-Ain UAE"]
[Date "2013.12.23"]
[Round "7.30"]
[White "Carneiro, Vitor Roberto Castro"]
[Black "Ghvamberia, Nika"]
[Result "0-1"]
[WhiteTitle "CM"]
[WhiteElo "2277"]
[BlackElo "2086"]
[WhiteFideId "2130106"]
[BlackFideId "13602128"]
[EventDate "2013.12.18"]

1. c4 Nf6 2. g3 e6 3. Bg2 d5 4. Nf3 Be7 5. O-O O-O 6. b3 b6 7. Bb2 Bb7 8. e3
Nbd7 9. Nc3 Ne4 10. Ne2 Bf6 11. Qc2 Nd6 12. d4 dxc4 13. bxc4 c5 14. Rac1 Rc8 15.
Ba3 Qc7 16. Rfd1 Rfd8 17. d5 exd5 18. cxd5 b5 19. Bb2 Bxb2 20. Qxb2 Qb6 21. Nf4
Nf6 22. Ne5 Re8 23. Nc6 Nde4 24. Bf1 a6 25. Ne5 Nxf2 26. Qxf2 Rxe5 27. Bh3 Rd8
28. e4 Nxe4 29. Qe3 Ng5 30. Qxc5 Qxc5+ 31. Rxc5 Nxh3+ 32. Nxh3 Rexd5 33. Rdxd5
Bxd5 34. a3 h6 35. Nf4 Bc4 36. Rc6 a5 37. a4 Rd4 38. Kf2 Rd2+ 39. Ke3 Rxh2 40.
Rc5 g5 41. Nd5 Bxd5 42. Rxd5 bxa4 43. Rxa5 Ra2 44. g4 a3 45. Kf3 Ra1 46. Kg2 Kg7
47. Ra6 f6 48. Ra7+ Kg6 49. Ra8 h5 50. gxh5+ Kxh5 51. Ra4 f5 52. Ra8 Kg4 53.
Ra4+ f4 0-1

[Event "WYCC U16 Open 2013"]
[Site "Al-Ain UAE"]
[Date "2013.12.23"]
[Round "7.31"]
[White "Lopatik, Nikita"]
[Black "Gireman, Ja"]
[Result "0-1"]
[WhiteElo "1956"]
[BlackElo "2248"]
[WhiteFideId "13504150"]
[BlackFideId "5043794"]
[EventDate "2013.12.18"]

1. e4 e6 2. d4 d5 3. Nd2 Nc6 4. Ngf3 Nf6 5. e5 Nd7 6. Nb3 a5 7. a4 f6 8. Bb5 Na7
9. Bd3 Be7 10. O-O O-O 11. Re1 b6 12. exf6 Nxf6 13. Ng5 c5 14. c4 Qd6 15. Qe2
Bd8 16. Be3 Bc7 17. g3 cxd4 18. Bxd4 e5 19. c5 bxc5 20. Bxc5 Qd8 21. Bxf8 Qxf8
22. Nxh7 Qd6 23. Nxf6+ Qxf6 24. Qh5 Bb7 25. Nc5 Bc6 26. Bh7+ Kf8 27. Bf5 Ke7 28.
Ne6 Bb6 29. Nf4 Kd6 30. Ng2 e4 31. Qg4 Kc7 32. Rac1 Kb7 33. Re2 Bxa4 34. Bd7 Bb3
35. Nf4 Rh8 36. h4 Qh6 37. Rce1 Rd8 38. Rd2 Qd6 39. Be6 Qb4 40. Qxg7+ Ka6 41.
Qc3 Qb5 42. h5 a4 43. Qf6 Qb4 44. Rde2 Rf8 45. Qg7 Nc6 46. Qc3 Qd6 47. Bxd5 Bxd5
48. Rd1 Rxf4 49. gxf4 Qe6 50. Red2 Bb3 51. Rb1 Qg4+ 52. Qg3 Qxg3+ 0-1

[Event "WYCC U16 Open 2013"]
[Site "Al-Ain UAE"]
[Date "2013.12.23"]
[Round "7.32"]
[White "Toma, Radu-Cristian"]
[Black "Lien, Kjell Hakon"]
[Result "1-0"]
[WhiteElo "2245"]
[BlackElo "2011"]
[WhiteFideId "1217992"]
[BlackFideId "1510444"]
[EventDate "2013.12.18"]

1. Nf3 e6 2. c4 d5 3. e3 Nf6 4. d4 c5 5. Nc3 Nc6 6. Be2 Be7 7. O-O O-O 8. a3 a6
9. cxd5 exd5 10. dxc5 Bxc5 11. b4 Ba7 12. Bb2 Be6 13. Na4 b5 14. Rc1 Rc8 15. Nc5
Bxc5 16. Rxc5 Ne4 17. Rc1 Qd6 18. Bd3 Rfd8 19. h3 Qe7 20. Bb1 Rd6 21. Nd4 Nxd4
22. Qxd4 Nf6 23. Qd3 Ne4 24. f3 Rxc1 25. Rxc1 Bxh3 26. gxh3 Rg6+ 27. Kf1 Nd6 28.
Qxd5 1-0

[Event "WYCC U16 Open 2013"]
[Site "Al-Ain UAE"]
[Date "2013.12.23"]
[Round "7.33"]
[White "Tominga, Eke"]
[Black "Mousavi, Seyed Khalil"]
[Result "1/2-1/2"]
[BlackTitle "FM"]
[WhiteElo "2064"]
[BlackElo "2238"]
[WhiteFideId "4503570"]
[BlackFideId "12511099"]
[EventDate "2013.12.18"]

1. e4 c5 2. Nf3 e6 3. d4 cxd4 4. Nxd4 Nf6 5. Nc3 Nc6 6. Nxc6 bxc6 7. e5 Nd5 8.
Ne4 Qc7 9. f4 Qb6 10. c4 Ne3 11. Qd3 Nxf1 12. Rxf1 c5 13. Rf2 d5 14. exd6 f5 15.
Ng5 Bxd6 16. Re2 Be7 17. b3 O-O 18. Bb2 h6 19. Nf3 a5 20. Ne5 Rd8 21. Qg3 Bf6
22. Qg6 Ra7 23. g4 fxg4 24. Rg2 Qb7 25. Rg1 Rf8 26. O-O-O a4 27. Nxg4 Bxb2+ 28.
Kxb2 axb3 29. axb3 Qf3 30. Nf6+ Rxf6 31. Qxf6 Qxd1 32. Rxd1 gxf6 33. Rd8+ Kf7
34. Rxc8 Ra5 35. Rc6 h5 36. Rb6 Ra8 37. Rb5 Rc8 38. Kc3 Kg6 39. b4 cxb4+ 40.
Kxb4 Rd8 41. c5 Rc8 42. Rb7 Kf5 43. Rf7 h4 44. Kb5 Rb8+ 45. Ka6 Rb2 46. c6 Rxh2
47. c7 Rc2 48. Kb7 h3 49. c8=Q Rxc8 50. Kxc8 Kxf4 51. Rxf6+ Kg3 52. Rxe6 h2 53.
Rh6 Kg2 54. Kd7 Kg1 55. Kd6 h1=Q 56. Rxh1+ Kxh1 1/2-1/2

[Event "WYCC U16 Open 2013"]
[Site "Al-Ain UAE"]
[Date "2013.12.23"]
[Round "7.34"]
[White "Wu, Christopher"]
[Black "Aleksanyan, Hrant"]
[Result "1-0"]
[WhiteElo "2198"]
[BlackElo "1981"]
[WhiteFideId "2040875"]
[BlackFideId "13306634"]
[EventDate "2013.12.18"]

1. e4 c5 2. Nf3 e6 3. d4 cxd4 4. Nxd4 a6 5. Bd3 Qc7 6. O-O Nf6 7. Qe2 d6 8. c4
g6 9. Nc3 Bg7 10. Rd1 O-O 11. Nf3 Nc6 12. h3 b6 13. Be3 Nd7 14. Rac1 Nce5 15.
Nxe5 dxe5 16. b4 Bb7 17. c5 bxc5 18. Na4 Rfc8 19. Nxc5 Nxc5 20. Bxc5 Qc6 21. f3
Bh6 22. Rc2 Qa4 23. Bc4 Rd8 24. Bb3 Qb5 25. Qe1 Qe8 26. Bd6 Bf8 27. Bxf8 Qxf8
28. Rc7 Rxd1 29. Qxd1 Rd8 30. Qe1 Bc8 31. Qc3 Bd7 32. a3 Qd6 33. Kh2 Bb5 34. Qc1
Qd2 35. Qc5 Bf1 36. Qg1 Be2 37. Kh1 Bd1 38. Bxd1 Qxd1 39. Rc3 Qe2 40. Qb6 Rd1+
41. Kh2 Rd2 42. Qb8+ Kg7 43. Qxe5+ Kh6 44. Qg3 Rc2 45. Rxc2 Qxc2 46. Qd6 Qc8 47.
a4 Qb7 48. Qf8+ Kg5 49. Qc5+ f5 50. b5 axb5 51. axb5 Qb8+ 52. Kg1 Qg3 53. exf5
exf5 54. b6 Qe1+ 55. Kh2 Qb1 56. Qe7+ Kh6 57. b7 1-0

[Event "WYCC U16 Open 2013"]
[Site "Al-Ain UAE"]
[Date "2013.12.23"]
[Round "7.35"]
[White "Khodashenas, Mersad"]
[Black "Abe, Mahiro"]
[Result "1-0"]
[WhiteElo "2182"]
[BlackElo "2009"]
[WhiteFideId "12514195"]
[BlackFideId "7000235"]
[EventDate "2013.12.18"]

1. e4 e5 2. Nf3 Nf6 3. Nc3 Nc6 4. a3 g6 5. Bb5 Nd4 6. O-O Nxb5 7. Nxb5 d6 8. Re1
c6 9. Nc3 Bg4 10. d4 Bxf3 11. Qxf3 Bg7 12. Bg5 O-O 13. Rad1 Qe7 14. Bh4 Rfe8 15.
Re2 exd4 16. Rxd4 Qe5 17. Rd1 Nh5 18. h3 Bf6 19. Bxf6 Nxf6 20. Qe3 Rad8 21. Qxa7
b5 22. Qc7 c5 23. Nxb5 Qxb2 24. Nxd6 Qe5 25. Qxf7+ Kh8 26. Qc7 Kg8 27. Red2 Rd7
28. Qxd7 Nxd7 29. Nxe8 Nf8 30. Rd8 Ne6 31. R8d5 Qc3 32. e5 Qxc2 33. Nf6+ Kg7 34.
Rd7+ Kh6 35. Rxh7+ Kg5 36. Re1 Nd4 37. Rc7 Qd2 38. Ne4+ 1-0

[Event "WYCC U16 Open 2013"]
[Site "Al-Ain UAE"]
[Date "2013.12.23"]
[Round "7.36"]
[White "Liu, Zhaoqi"]
[Black "Percivaldi, Martin"]
[Result "0-1"]
[WhiteElo "2061"]
[BlackElo "2169"]
[WhiteFideId "8609381"]
[BlackFideId "1508148"]
[EventDate "2013.12.18"]

1. d4 d5 2. c4 c6 3. Nf3 Nf6 4. Nc3 a6 5. a4 e6 6. Bg5 Be7 7. e3 O-O 8. Bd3 Nbd7
9. cxd5 exd5 10. Qc2 Re8 11. O-O a5 12. Ne5 Nf8 13. h3 N6d7 14. Bf4 Nxe5 15.
dxe5 g6 16. Ne2 Ne6 17. Bh2 Qb6 18. f4 Qxe3+ 19. Kh1 Qc5 20. Qb1 Ng7 21. g4 f5
22. Bg1 Qb4 23. Nd4 Bc5 24. Nxf5 gxf5 25. gxf5 Kh8 26. f6 Nh5 27. Bxh7 Ng3+ 28.
Kg2 Ne4 29. Bxc5 Qxc5 30. Bxe4 dxe4 31. Qxe4 Be6 32. Kh2 Qc4 33. Qf3 Qc2+ 34.
Rf2 Qf5 35. Rg1 Rg8 36. Rff1 Rad8 37. Rxg8+ Rxg8 38. Rf2 Bd5 39. Qe3 Qg6 40. Re2
Qg2+ 41. Rxg2 Rxg2+ 42. Kh1 0-1

[Event "WYCC U16 Open 2013"]
[Site "Al-Ain UAE"]
[Date "2013.12.23"]
[Round "7.37"]
[White "Neagu, Mihai-Cosmin"]
[Black "Faizrakhmanov, Ramil"]
[Result "0-1"]
[BlackTitle "FM"]
[WhiteElo "2069"]
[BlackElo "2357"]
[WhiteFideId "1205560"]
[BlackFideId "24103209"]
[EventDate "2013.12.18"]

1. c4 e5 2. Nc3 Nf6 3. g3 Bb4 4. Bg2 O-O 5. Nf3 Nc6 6. O-O Re8 7. d3 Bxc3 8.
bxc3 e4 9. Nd4 h6 10. Qc2 exd3 11. exd3 Nxd4 12. cxd4 d5 13. Rb1 b6 14. Bf4 Bb7
15. Rfc1 Re7 16. a4 Qd7 17. a5 Rae8 18. c5 Re2 19. c6 Bxc6 20. Qxc6 Re1+ 21. Bf1
Qxc6 0-1

[Event "WYCC U16 Open 2013"]
[Site "Al-Ain UAE"]
[Date "2013.12.23"]
[Round "7.38"]
[White "Enkhnar, Enkhbaatar"]
[Black "Montilli, Vincenzo"]
[Result "1/2-1/2"]
[WhiteElo "2309"]
[BlackElo "2039"]
[WhiteFideId "4900324"]
[BlackFideId "883913"]
[EventDate "2013.12.18"]

1. d4 Nf6 2. c4 g6 3. Nc3 Bg7 4. e4 d6 5. f3 O-O 6. Be3 Nbd7 7. Qd2 c5 8. Nge2
b6 9. g4 Bb7 10. h4 cxd4 11. Nxd4 h5 12. Bh6 Ne5 13. Be2 hxg4 14. h5 Qd7 15. Nf5
gxf5 16. Qg5 Ng6 17. hxg6 fxg6 18. fxg4 Nxe4 19. Qxg6 Rf7 20. gxf5 Nxc3 21. Bh5
Qxf5 22. Qxf7+ Qxf7 23. Bxf7+ Kxf7 24. Rf1+ Bf6 25. bxc3 Ke6 26. Kd2 Ba6 27. a4
Bxc4 28. Rfe1+ Kd7 29. Be3 Rg8 30. Rg1 Rb8 31. Bf4 e5 32. Rg6 Be7 33. Be3 Rh8
34. Rag1 Rh2+ 35. R6g2 Rxg2+ 36. Rxg2 Bb3 1/2-1/2

[Event "WYCC U16 Open 2013"]
[Site "Al-Ain UAE"]
[Date "2013.12.23"]
[Round "7.39"]
[White "Jumanov, Elbek"]
[Black "Dale, Ari"]
[Result "1/2-1/2"]
[BlackTitle "IM"]
[WhiteElo "2019"]
[BlackElo "2289"]
[WhiteFideId "14202905"]
[BlackFideId "3213145"]
[EventDate "2013.12.18"]

1. Nf3 Nf6 2. c4 c5 3. Nc3 Nc6 4. g3 g6 5. Bg2 Bg7 6. d4 cxd4 7. Nxd4 O-O 8. Nc2
d6 9. O-O Qa5 10. Bd2 Qh5 11. e4 Qxd1 12. Rfxd1 Bg4 13. f3 Be6 14. b3 Nd7 15.
Ne3 Rfc8 16. Rac1 Kf8 17. Ncd5 a6 18. Bc3 Bxc3 19. Rxc3 b5 20. cxb5 axb5 21.
Rdc1 Bxd5 22. Nxd5 Na7 23. Nc7 Rab8 24. Nxb5 Rxc3 25. Nxc3 Nc5 26. Bf1 Nc6 27.
Na4 Nd4 28. Nxc5 dxc5 29. Rxc5 Ra8 30. a4 Nxb3 31. Rc3 Nd4 32. Ra3 Nc2 33. Rc3 1/2-1/2

[Event "WYCC U16 Open 2013"]
[Site "Al-Ain UAE"]
[Date "2013.12.23"]
[Round "7.40"]
[White "Reshef, Omer"]
[Black "Bezuidenhout, Roland"]
[Result "1-0"]
[BlackTitle "CM"]
[WhiteElo "2253"]
[BlackElo "2037"]
[WhiteFideId "2804336"]
[BlackFideId "14304562"]
[EventDate "2013.12.18"]

1. e4 e5 2. Nf3 Nc6 3. Nc3 Nf6 4. Bb5 Bd6 5. d3 a6 6. Ba4 h6 7. O-O b5 8. Bb3
Bb7 9. Ne2 Bc5 10. c3 Bb6 11. Ng3 d6 12. h3 Ne7 13. Re1 c5 14. Nh4 Qd7 15. Ngf5
g6 16. Nxh6 c4 17. Qf3 Neg8 18. dxc4 Nxe4 19. Rxe4 Nxh6 20. Qf6 Rh7 21. Rxe5+
dxe5 22. Qxb6 Ng8 23. Bg5 Qc6 24. Qxc6+ Bxc6 25. cxb5 axb5 26. Nxg6 fxg6 27.
Bxg8 Rg7 28. Bb3 e4 29. Re1 Kd7 30. Rd1+ Kc7 31. Bf4+ Kb7 32. Rd6 g5 33. Be5 Rh7
34. Rg6 Rh5 35. Rg7+ Ka6 36. Bd4 g4 37. Rxg4 Rh7 38. a3 Rd8 39. Bc2 Re8 40. a4
bxa4 41. Rg6 1-0